| 000 | 00574nam a2200217 a 4500 | ||
|---|---|---|---|
| 001 | BRCA_5810 | ||
| 005 | 20190320205225.0 | ||
| 008 | 100311s194u----fr-a######---#000-0#fre-# | ||
| 041 | _afre | ||
| 044 | _afr | ||
| 050 | 4 |
_aND641 _b.F54 1940 |
|
| 100 | 1 |
_aFierens, Paul _914722 |
|
| 245 | 1 | 0 |
_aPeinture hollandaise _cPaul Fierens. |
| 260 |
_aParís _bBraun _c[194?] |
||
| 300 |
_a1 v. (sin paginación) _bil., 60 láminas _c16 cm. |
||
| 440 | 0 |
_aCollection ´Les Maitres´ _914723 |
|
| 500 | _aG20 | ||
| 650 | 1 | 4 |
_aPintura holandesa _99393 |
| 902 | _aGFM | ||
| 942 |
_2lcc _cB |
||
| 999 |
_c5499 _d5499 |
||